Mal's "Walk the Coast of Africa" from Egypt Going West. - Statistics

General Stats
  • This quiz has been taken 2,453 times
    2,369 since last reset
  • The average score is 28 of 37
Answer Stats
Hint Answer % Correct
Egypt - W Libya
100%
NW Tunisia
99%
W Algeria
98%
W Morocco
97%
NW Melilla, Spain
82%
S Gambia
75%
S Mauritania
75%
S Senegal
75%
NW Morocco
74%
E Togo
74%
E Benin
73%
N Ceuta, Spain
73%
E Ghana
73%
E Ivory Coast
73%
SE Liberia
73%
E Nigeria
73%
S Senegal
73%
S Sierra Leone
73%
SE Cameroon
72%
S Guinea
72%
S Guinea-Bissau
72%
W Morocco
72%
S South Africa
72%
S Angola
71%
N Mozambique
71%
S Namibia
71%
N Kenya
70%
S R. Congo
70%
NE Somalia
70%
N Tanzania
70%
S D.R. Congo
69%
N Egypt
69%
S Equatorial Guinea
69%
NW Eritrea
69%
S Gabon
69%
NW Djibouti
68%
N Sudan
68%
No matching quizzes found
Score Distribution
Percent of People with Each Score
Percentile by Number Answered
Your Score History
You have not taken this quiz since the last reset